000 00591nam a2200193 a 4500
001 000019817
005 20200929170142.0
008 100707s1960 sp r 000 f spa d
040 _aDO-SdBNP
_bspa
_cBNPHU
082 _a833.914
_bB347c
100 1 _aBaum, Vicki,
_d1888-1960
_913380
245 1 4 _aLos Contrabandistas /
_cVicki Baum ; traducción José Clementi.
260 _aBarcelona :
_bEditorial Planeta,
_c1960.
300 _a283 p. ;
_c19 cm.
650 4 _aNovela austriaca
_912863
650 4 _aLiteratura austriaca
_94014
700 1 _aClementi, José,
_etr.
_941126
049 _aBNGR
999 _c19330
_d19330